00363 2200145 4500001002100000005001500021035002000036245007100056100002100127300001200148260002300160082000800183084001400191990001200205INLIS00000000000200120250527083509 a0010-05250002931 aTeknik Praktis Bermain Organ dan Kibor Tunggal /cPriyatmo Sudibyo0 aPriyatmo Sudibyo a138 hlm bPuspa Swara,c2008 a700 a700 PRI t a0713206